Statistiques concernant Capitales les plus devinées dans Jetpunk

Cliquez ici pour prendre le quiz!

Statistiques générales

  • Ce quiz a été pris 9,435 fois
    (2,407 depuis la dernière actualisation)
  • Le résultat moyen est 18 sur 23

Statistiques - réponses

% Pays Capitale % Correct
96%FranceParis
100%
94%EspagneMadrid
97%
90%Royaume-UniLondres
96%
93%ItalieRome
95%
96%AllemagneBerlin
95%
85%Etats-UnisWashington
94%
85%JaponTokyo
90%
88%RussieMoscou
89%
84%ChinePékin
89%
89%PortugalLisbonne
87%
91%BelgiqueBruxelles
82%
81%MexiqueMexico
78%
85%IrlandeDublin
74%
80%BrésilBrasilia
73%
84%Pays-BasAmsterdam
73%
84%NorvègeOslo
71%
88%GrèceAthènes
67%
86%AutricheVienne
66%
80%SuisseBerne
64%
87%LuxembourgLuxembourg
63%
86%MonacoMonaco
49%
81%HongrieBudapest
47%
82%VaticanVatican
41%

Distribution des résultats

Percentile by Number Answered

% des personnes avec chaque résultat

Votre développement - résultats

Vous n’avez pas pris ce quiz depuis la dernière actualisation